| 000 | 00528nam a2200205Ia 4500 | ||
|---|---|---|---|
| 003 | OSt | ||
| 005 | 20230328160846.0 | ||
| 008 | 210423s2006 xx 000 0 und d | ||
| 020 | _a8180521516 | ||
| 040 | _cAL | ||
| 041 | _aeng | ||
| 082 |
_a547.28 _223 _bAHLV |
||
| 100 |
_aAHLUWALIA (V K);MISHRA (Anuradha). _979226 |
||
| 245 | _aPolymer science: textbook. | ||
| 260 |
_aNew Delhi _bAne Books India _c2006 |
||
| 300 |
_axii,219 _bPB |
||
| 365 |
_b225 _cINR |
||
| 906 | _aPolymer ; science ; textbook. | ||
| 942 |
_2ddc _cBK |
||
| 999 |
_c154389 _d154389 |
||